Il libro del pene /

সংরক্ষণ করুন:
গ্রন্থ-পঞ্জীর বিবরন
প্রধান লেখক: Paley, Maggie (লেখক)
অন্যান্য লেখক: Codignola, Livia, Ruzzier, Sergio
বিন্যাস: গ্রন্থ
ভাষা:ইতালিয়
প্রকাশিত: Roma : Newton & Compton, ©1999
মালা:Controcorrente ; 1
ট্যাগগুলো: ট্যাগ যুক্ত করুন
কোনো ট্যাগ নেই, প্রথমজন হিসাবে ট্যাগ করুন!

MARC

LEADER 00000nam a22000007i 4500
001 IT\ICCU\TSA\0957211
003 ItRI
005 20260115231941.0
008 070613s1999 it |||||| ||||| |||||c
020 |a 8882893510 
040 |b ita  |c importazione bologna sebina 
041 7 |a ita  |2 ISO-639-2 
100 1 |a Paley, Maggie  |0 IT\ICCU\TSAV\450622  |4 aut 
245 1 3 |a Il libro del pene /  |c Maggie Paley ; [illustrazioni di Sergio Ruzzier] ; [traduzione di Livia Codignola]. 
260 |a Roma :  |b Newton & Compton,  |c ©1999 
300 |a 256 p. :  |b ill. 22 cm. 
700 1 |a Codignola, Livia  |0 IT\ICCU\CFIV\195579 
700 1 |a Ruzzier, Sergio  |0 IT\ICCU\LO1V\138617 
830 0 |a Controcorrente ;  |v 1  |0 IT\ICCU\BVE\0217485 
942 |2 ddc  |c BK  |n 0 
952 |0 0  |1 0  |4 0  |6 DOC_301_410000000000000_PAL  |7 0  |9 17611  |a BO  |b BO  |d 2026-01-15  |i 5535  |l 0  |o DOC 301.41 PAL  |p BO5535  |r 2026-01-15 23:19:41  |w 2026-01-15  |x [Sebina 5] [1 v.]  |y BK  |z 1 v. 
999 |c 15008  |d 15008